|
|
|
|
| LEADER |
00000nam0a2200000 4500 |
| 001 |
309379 |
| 005 |
20231102002202.0 |
| 035 |
|
|
|a (RuTPU)RU\TPU\book\334701
|
| 090 |
|
|
|a 309379
|
| 100 |
|
|
|a 20151112d1981 km y0rusy50 ca
|
| 101 |
0 |
|
|a rus
|
| 102 |
|
|
|a RU
|
| 105 |
|
|
|a a z 001zy
|
| 200 |
1 |
|
|a Вычислительные методы в геофизике
|f под ред. В. М. Бабич
|
| 210 |
|
|
|a Москва
|c Радио и связь
|d 1981
|
| 215 |
|
|
|a 131 с.
|c ил.
|
| 225 |
1 |
|
|a Результаты исследований по международным геофизическим проектам
|
| 320 |
|
|
|a Библиогр. в конце ст.
|
| 606 |
1 |
|
|a Геофизика
|x Математические методы
|2 stltpush
|3 (RuTPU)RU\TPU\subj\6250
|9 34179
|
| 610 |
1 |
|
|a вычислительные методы
|
| 610 |
1 |
|
|a сейсмические волны
|
| 610 |
1 |
|
|a распространение
|
| 610 |
1 |
|
|a обратные задачи
|
| 610 |
1 |
|
|a решение
|
| 610 |
1 |
|
|a гравиметрия
|
| 610 |
1 |
|
|a магнитометрия
|
| 610 |
1 |
|
|a геофизические исследования
|
| 675 |
|
|
|a 550.3:51
|v 4
|
| 702 |
|
1 |
|a Бабич
|b В. М.
|4 340
|
| 801 |
|
1 |
|a RU
|b 63413507
|c 20151112
|
| 801 |
|
2 |
|a RU
|b 63413507
|c 20190906
|g RCR
|
| 942 |
|
|
|c BK
|